| 000 | 00646nam a2200277Ia 4500 | ||
|---|---|---|---|
| 001 | Z_3218 | ||
| 003 | CHAP | ||
| 008 | 220113s1998 xx 000 0 und d | ||
| 010 | _a166326 | ||
| 040 | _cCHAP | ||
| 082 | _a840 D8y | ||
| 100 |
_aDumas, Alexandre _9140417 |
||
| 245 |
_aLos caballeros templarios / _cpor Alexandre Dumas |
||
| 260 |
_aMadrid : _bEl mundo y la revista, _c1998 |
||
| 300 | _a93 p. | ||
| 440 |
_aLas novelas del verano ; 52 _9140418 |
||
| 500 | _a | ||
| 503 | _a | ||
| 650 |
_aLiteratura francesa _967127 |
||
| 901 | _a840 D8y | ||
| 902 | _aA | ||
| 910 | _a1998 | ||
| 942 | _c1 | ||
| 942 | _cc1 | ||
| 999 |
_c166326 _d166326 |
||